| 000 | 00773nam a2200265 i 4500 | ||
|---|---|---|---|
| 001 | 000046337 | ||
| 003 | DO-SdBNP | ||
| 005 | 20250909144423.0 | ||
| 007 | ta | ||
| 008 | 150731s1997 dr 000 0 spa d | ||
| 040 |
_aDO-SdBNP _bspa _cBNPHU _erda |
||
| 082 | 4 | _222 | |
| 245 | 0 | 0 |
_aMatemática educación media : _blibro 3 / _cJulián Santana ... [et al.]. |
| 264 |
_aSanto Domingo : _bTeófilo, _c1997. |
||
| 300 |
_a388 páginas ; _c20 cm. |
||
| 336 |
_2rdacontent _atexto _btxt |
||
| 337 |
_2rdamedia _asin mediación _bn |
||
| 338 |
_2rdacarrier _avolumen _bnc |
||
| 590 | _aInventariado, 2023/BT | ||
| 700 | 1 |
_aGutiérrez, Alejandro _965226 |
|
| 700 | 1 |
_aHerrera, Roberto _937410 |
|
| 700 | 1 |
_aAbreu, Fernando _974364 |
|
| 910 | _aBtavárez | ||
| 942 |
_2ddc _cLBS1 |
||
| 999 |
_c45826 _d45826 |
||